90s Hiphop covers - Statistics

General Stats
  • This quiz has been taken 28 times
  • The average score is 16 of 24
Answer Stats
Picture Answer % Correct
All Eyez on Me
96%
Doggystyle
92%
Illmatic
88%
The Chronic
88%
2001
85%
ATLiens
85%
Capital Punishment
85%
Eazy Duz It
85%
Enter the Wu Tang
85%
Straight Outta Compton
85%
Lethal Injection
73%
Slim Shady LP
73%
AmeriKKKa's Most Wanted
65%
The Diary
65%
Wu Tang Forever
65%
Regulate
62%
The Infamous
62%
Quik is the Name
54%
Safe + Sound
46%
The Aftermath
46%
Its On
38%
Efil4Zaggin
23%
East 1999 Eternal
4%
War and Peace The Peace Disc
4%
No matching quizzes found
Score Distribution
Percent of People with Each Score
Percentile by Number Answered
Your Score History
You have not taken this quiz